00513nam a22001937a 450000500170000001000130001702000230003003500130005303700160006604000120008208200200009410000160011424500450013026000340017527000460020930000200025565000220027565000220029720170124110016.0 aB-059680 a8187247347c400.00 aB-059680 bCen Lib/Ret aDPLbEN a332.102285bARU aArun Kapoor aPrinciples of computer /cby Arun Kapoor aJaipurbShyam Prakashanc2001 aFilm Colony, Chaura RastabJaipure302003 a208p.c21cm(Hb) aComputer Hardware aComputer Software